000 00612nam a2200241 a 4500
001 nice12345678
003 IN_TiNIC
005 20260116012401.0
008 050524s1977 usaa grp 000 0 eng
020 _a
_c100
082 0 0 _a305.40954
_bWIL
100 _aWilkes, Joy
245 _aBut Were Notafraid to Speak Any More
_b Report on the Church World Service Co
260 _aUSA
_bChurch World Service
_c1977
300 _a40p
500 _aincludes index and biblioraphy
505 2 _aIndex
650 _aWomen-India
700 1 _aWilkes, Joy
902 _bSRS
942 _cBK
999 _c6801
_d6801